书目信息 |
| 题名: |
江阴长江公路大桥养护运营报告
|
|
| 作者: | 饶建辉 , 吉林 , 吉伯海 主编 | |
| 分册: | ||
| 出版信息: | 北京 人民交通出版社股份有限公司 2019.07 |
|
| 页数: | 220页 | |
| 开本: | 26cm | |
| 丛书名: | ||
| 单 册: | ||
| 中图分类: | U448.14 | |
| 科图分类: | ||
| 主题词: | ||
| 电子资源: | ||
| ISBN: | 978-7-114-15626-7 | |
| 000 | 01287nam0 2200301 450 | |
| 001 | 202020140806 | |
| 005 | 20200926181358.0 | |
| 010 | @a978-7-114-15626-7@dCNY90.00 | |
| 100 | @a20200919d2019 em y0chiy50 ea | |
| 101 | 0 | @achi |
| 102 | @aCN@b110000 | |
| 105 | @aak a 000yy | |
| 106 | @ar | |
| 200 | 1 | @a江阴长江公路大桥养护运营报告@Ajiang yin chang jiang gong lu da qiao yang hu yun ying bao gao@e1999年-2019年@f饶建辉, 吉林, 吉伯海主编 |
| 210 | @a北京@c人民交通出版社股份有限公司@d2019.07 | |
| 215 | @a220页@c图@d26cm | |
| 300 | @a养护运营蓝皮书 | |
| 312 | @a英文题名取自封面 | |
| 320 | @a有书目 (第219-220页) | |
| 330 | @a本蓝皮书重点梳理了江阴大桥20年来养护和运营管理工作, 对养护和运营方面的技术创新等进行了全面的总结和凝练, 供国内外同行参考。将20年的养护运营经验通过蓝皮书的形式开放和共享, 力图在更高层面, 更宽视角、更广领域, 群策群力, 协同创新, 为今后大桥养护与运营提供重要技术支撑。 | |
| 510 | 1 | @aReport on maintenance and operation of Jiangyin yangtze river bridge@zeng |
| 607 | @a长江@Achang jiang@x公路桥@x公路养护@x研究报告@y江阴@z1999-2019 | |
| 690 | @aU448.14@v5 | |
| 701 | 0 | @a饶建辉@Arao jian hui@4主编 |
| 701 | 0 | @a吉林@Aji lin@4主编 |
| 701 | 0 | @a吉伯海@Aji bo hai@4主编 |
| 801 | 0 | @aCN@c20191015 |
| 905 | @a河南城建学院图书馆@dU448.14@eR076 | |
| 江阴长江公路大桥养护运营报告:1999年-2019年/饶建辉, 吉林, 吉伯海主编.-北京:人民交通出版社股份有限公司,2019.07 |
| 220页:图;26cm |
| 养护运营蓝皮书 |
| ISBN 978-7-114-15626-7:CNY90.00 |
| 本蓝皮书重点梳理了江阴大桥20年来养护和运营管理工作, 对养护和运营方面的技术创新等进行了全面的总结和凝练, 供国内外同行参考。将20年的养护运营经验通过蓝皮书的形式开放和共享, 力图在更高层面, 更宽视角、更广领域, 群策群力, 协同创新, 为今后大桥养护与运营提供重要技术支撑。 |
| ● |
| 相关链接 |
|
|
|
正题名:江阴长江公路大桥养护运营报告
索取号:U448.14/R076
 
预约/预借
| 序号 | 登录号 | 条形码 | 馆藏地/架位号 | 状态 | 备注 |
| 1 | 1490999 | 214909991 | 自科库501/501自科库 54排5列2层/ [索取号:U448.14/R076] | 在馆 |